Arctic Monkeys Lyrics - The Blond-O-Sonic Shimmer Trap - Statistics

General Stats
  • This quiz has been taken 32 times
  • The average score is 124 of 167
Answer Stats
Lyrics % Correct
a
100%
B
100%
-o
100%
The
100%
the
100%
she
95%
She
95%
shimmer
95%
And
89%
and
89%
of
89%
on
89%
as
84%
blond
84%
her
84%
-sonic
84%
Tha
84%
to
84%
trap
84%
was
84%
you
84%
had
79%
ones
79%
particular
79%
pretty
79%
that
79%
were
79%
Black
74%
Cadillacs
74%
hand
74%
lippy
74%
love's
74%
mirrors
74%
never
74%
off
74%
When
74%
Yes,
74%
beacon
68%
hard
68%
If
68%
ignore
68%
in
68%
meant
68%
putting
68%
shake
68%
Shake
68%
shimmering
68%
snapped
68%
steady
68%
not
63%
she's
63%
wing
63%
back
58%
how
58%
river
58%
around
53%
floats
53%
fog
53%
heatseeking,
53%
like
53%
stings
53%
knows
47%
showed
47%
strain
47%
sit
42%
time
42%
brink
37%
-flat
37%
tastes
37%
approach
32%
Before
32%
bland
32%
sink
32%
Well,
32%
niccy
26%
rush
26%
you'd
26%
No matching quizzes found
Score Distribution
Percent of People with Each Score
Percentile by Number Answered
Your Score History
You have not taken this quiz